UBT Library

Spastrimet Etnike (Record no. 60955)

000 -LEADER
fixed length control field 00295nam a22001337a 4500
008 - FIXED-LENGTH DATA ELEMENTS--GENERAL INFORMATION
fixed length control field 260331b ||||| |||| 00| 0 eng d
020 ## - INTERNATIONAL STANDARD BOOK NUMBER
International Standard Book Number 9951050417
041 ## - LANGUAGE CODE
Language code of text/sound track or separate title eng
080 ## - UNIVERSAL DECIMAL CLASSIFICATION NUMBER
Universal Decimal Classification number 341.485
100 ## - Rafti
Rafti 25
101 ## - Shkurtesa
Shkurtesa ngjarje
245 ## - TITLE STATEMENT
Title Spastrimet Etnike
Statement of responsibility, etc Hivzi Islami
942 ## - ADDED ENTRY ELEMENTS (KOHA)
Source of classification or shelving scheme
Item type Books
Holdings
Withdrawn status Lost status Source of classification or shelving scheme Damaged status Not for loan Collection code Permanent location Current location Date acquired Total Checkouts Barcode Date last seen Price effective from Koha item type
          Koleksioni i përgjithshem UBT - Lipjan UBT - Lipjan 03/31/2026   003-800070999533 03/31/2026 03/31/2026 Books
          Koleksioni i përgjithshem UBT - Lipjan UBT - Lipjan 03/31/2026   003-800070999534 03/31/2026 03/31/2026 Books
          Koleksioni i përgjithshem UBT - Lipjan UBT - Lipjan 03/31/2026   003-800070999535 03/31/2026 03/31/2026 Books
          Koleksioni i përgjithshem UBT - Lipjan UBT - Lipjan 03/31/2026   003-800070999536 03/31/2026 03/31/2026 Books
          Koleksioni i përgjithshem UBT - Lipjan UBT - Lipjan 03/31/2026   003-800070999537 03/31/2026 03/31/2026 Books
          Koleksioni i përgjithshem UBT - Lipjan UBT - Lipjan 04/07/2026   003-800070999602 04/07/2026 04/07/2026 Books
UBT Library © 2015-2024. All rights reserved University Education for Business and Technology